Tretia smernica EÚ proti praniu špinavých peňazí a financovaniu terorizmu
Európsky parlament a Rada prijali v máji 2005 smernicu o predchádzaní využívaniu finančného systému na pranie špinavých peňazí a financovanie terorizmu. Smernica ruší prvú a druhú smernicu proti praniu špinavých peňazí. Nadobudne účinnosť vo štvrtom štvrťroku 2005. Informácia o obsahu smernice, vyme...
Salvato in:
| Autore principale: | |
|---|---|
| Altri autori: | |
| Natura: | Capitolo di libro |
| Lingua: | slovacco |
| Soggetti: | |
| Tags: |
Nessun Tag, puoi essere il primo ad aggiungerne!!
|
MARC
| LEADER | 00000naa$a2200000$$$4500 | ||
|---|---|---|---|
| 001 | 0035539 | ||
| 005 | 20231116082110.3 | ||
| 041 | 0 | |a slo | |
| 044 | |a SK | ||
| 245 | 1 | 0 | |a Tretia smernica EÚ proti praniu špinavých peňazí a financovaniu terorizmu |c Ján Vyhnálik, Izabela Fendeková |
| 520 | |a Európsky parlament a Rada prijali v máji 2005 smernicu o predchádzaní využívaniu finančného systému na pranie špinavých peňazí a financovanie terorizmu. Smernica ruší prvú a druhú smernicu proti praniu špinavých peňazí. Nadobudne účinnosť vo štvrtom štvrťroku 2005. Informácia o obsahu smernice, vymedzenie pojmov. | ||
| 610 | 2 | 0 | |a pranie špinavých peňazí |
| 610 | 2 | 0 | |a Európska únia |
| 610 | 2 | 0 | |a smernice |
| 610 | 2 | 0 | |a terorizmus |
| 100 | 1 | |a Vyhnálik, Ján | |
| 700 | 1 | |a Fendeková, Izabela | |